| 000 | 00802nam a2200217Ia 4500 | ||
|---|---|---|---|
| 999 |
_c11938 _d11938 |
||
| 082 | _aTR.0281 | ||
| 100 | _aRammani, Meherunnissa N. | ||
| 245 | 0 | _aConcepts of the tasks of gramsevika held by employed gram sevikas and mukhya sev | |
| 260 |
_c1963 _bM.S. University of Baroda |
||
| 300 | _a172p. | ||
| 650 | _aGRAMSEVIKAS//VILLAGE LEVEL WORKERS | ||
| 650 | _aMUKHYA SEVIKAS//VILLAGE LEVEL WORKERS | ||
| 650 | _aMUKHYA SEVIKAS//VILLAGE LEVEL WORKERS | ||
| 650 | _aMUKHYA SEVIKAS//VILLAGE LEVEL WORKERS | ||
| 650 | _aSOCIAL SERVICE, RURAL///VILLAGE LEVEL WORKERS | ||
| 650 | _aSOCIAL SERVICE, RURAL///VILLAGE LEVEL WORKERS | ||
| 650 | _aCOMMUNITY DEVELOPMENT///VILLAGE LEVEL WORKERS | ||
| 650 | _aCOMMUNITY DEVELOPMENT///VILLAGE LEVEL WORKERS | ||
| 710 | _aLyle, Mary S. | ||
| 942 |
_cTH _2ddc |
||